Vista normal Vista MARC

Entrada Personal Name

Número de registros utilizados en: 2

001 - CONTROL NUMBER

  • control field: 1954

003 - CONTROL NUMBER IDENTIFIER

  • control field: OSt

005 - DATE AND TIME OF LATEST TRANSACTION

  • control field: 20230511160326.0

008 - FIXED-LENGTH DATA ELEMENTS

  • fixed length control field: 230511|| aca||aabn | a|a d

040 ## - CATALOGING SOURCE

  • Original cataloging agency: OSt
  • Transcribing agency: OSt

100 ## - HEADING--PERSONAL NAME

  • Personal name: Pellicer Lp̤ez, Carlos,
  • Dates associated with a name: 1948-

670 ## - SOURCE DATA FOUND

  • Source citation: Work cat.: (OSt)0: Arturo, Aurelio, 1906-1974. 1951, Este verde poema /









Instituto Departamental de Cultura del Meta - Red Departamental de Bibliotecas Públicas del Meta.